| 000 | 00442nam a2200193Ia 4500 | ||
|---|---|---|---|
| 005 | 20240823035215.0 | ||
| 008 | 240823s9999||||xx |||||||||||||| ||und|| | ||
| 020 | _a978-93-5029-339-3 | ||
| 041 | _aENGLISH | ||
| 082 | _A821.92 Q2 | ||
| 100 | _aAltaf Tyrewala | ||
| 245 | 0 | _aMinistry of Hurt Sentiments | |
| 250 | _a1st | ||
| 260 |
_c2012 _bFourth E |
||
| 500 | _aYES | ||
| 650 |
_aMinistry _bGeneral |
||
| 942 | _cBK | ||
| 999 |
_c200133 _d200133 |
||